000 00265nam a22001217a 4500
020 _a0-7214-1355-2
082 _a823
_bDIS/O
100 _aDISNEY, WALT
245 _aOLIVER & COMPANY
260 _aLONDON
_bLADY BIRD
650 _aENGLISH SHORT STORY
_zUK
942 _cBK
999 _c3660
_d3660